The moving space: (Record no. 158331)

MARC details
000 -LEADER
fixed length control field 00663nam a22002057a 4500
005 - DATE AND TIME OF LATEST TRANSACTION
control field 20181025131909.0
010 ## - LCCN (DPL NO)
LC control number ENG-124367
020 ## - INTERNATIONAL STANDARD BOOK NUMBER
Terms of availability 1395.00
International Standard Book Number 9789386552501
035 ## - SYSTEM CONTROL NUMBER
System control number EN-107899
037 ## - SOURCE OF ACQUISITION
Source of stock number/acquisition DBAD/PUB
082 ## - DEWEY DECIMAL CLASSIFICATION NUMBER
Classification number 792.80954
245 ## - TITLE STATEMENT
Title The moving space:
Statement of responsibility, etc ed. by Urmimala Sarkar Munsi [and] Aishika Chakraborty
Remainder of title women in dance /
260 ## - PUBLICATION, DISTRIBUTION, ETC. (IMPRINT)
Place of publication, distribution, etc New Delhi
Name of publisher, distributor, etc Primus Books
Date of publication, distribution, etc 2018
270 ## - ADDRESS
Address Arakashan Road, Paharganj,
City New Delhi
Postal code 110055
300 ## - PHYSICAL DESCRIPTION
Extent xii,276p.
Dimensions 22cm. (Hb)
Other physical details ill.
500 ## - GENERAL NOTE
General note It includes index
700 ## - ADDED ENTRY--PERSONAL NAME
Personal name Sarkar Munsi, Urmimala
700 ## - ADDED ENTRY--PERSONAL NAME
Personal name Chakraborty, Aishika
942 ## - ADDED ENTRY ELEMENTS (KOHA)
Source of classification or shelving scheme Dewey Decimal Classification
Item type English Books
Classification part 792.80954
Call number suffix MOV
Holdings
Withdrawn status Lost status Not for loan Collection code Home library Current library Date acquired Source of acquisition Cost, normal purchase price Full call number Barcode Copy number Cost, replacement price Koha item type
    Not For Loan Non-fiction D.B.Act.Division Bawana 25/10/2018 DBAD/PUB 1395.00 792.80954 MOV EN-107899 1 1395.00 English Books

© Delhi Public Library
Hit Counter
free hit counter